=LDR 00000nam 2200000 4500 =001 INLIS000000000016542 =005 20130612111826 =008 ***********************************Ind** =035 ##$$0010-061300000016542 =041 ##$$a Ind =082 ##$$a 345.07 =090 ##$$a 347.07, Sur p =100 ##$$a Suroso, R =245 ##$$a Praktik hukum acara perdata, tata Cara dan proses persidangan, R. Soeroso, SH =260 ##$$a 2001 $b Jakarta =300 ##$$a xi, 142 hlm, 21 cm =650 ##$$a Sidang pengadilan =850 ##$$a NBPNMAT =990 ##$$a 0001/BPAP-NTB/20142014 =990 ##$$a 0001/BPAP-NTB/20142015 =990 ##$$a 0001/BPAP-NTB/20142015